Space Exploration Trivia (Hard) - Statistics

General Stats
  • This quiz has been taken 37 times
  • The average score is 7 of 31
Answer Stats
Hint Answer % Correct
Acronym: ISS International Space Station
77%
Name of the Testbed Space Shuttle Enterprise
60%
Acronym: SLS Space Launch System
50%
Acronym: SRB Solid Rocket Booster
47%
Space Shuttle stored in NASA's KSC Atlantis
40%
Fastest airplane SR-71
40%
Fastest aircraft X-15
37%
The only triangle Apollo mission patch Apollo 8
33%
Name of hypothetical boundary of space Karman Line
33%
Material that caused the Columbia Disaster Foam
30%
Acronym: LOX Liquid Oxygen
30%
Colloqualism for the "Hoverslam" Suicide Burn
20%
Acronym: ET External Tank
17%
Acronym: OMS Orbital Manuevering System
17%
Substellar Stars Brown Dwarfs
13%
Derivative spacecraft of the Vostok Voskhod
13%
Name of the proposed Soviet Lunar Lander LK
10%
Acronym: NTO Nitrogen Tetroxide
10%
Acronym: TPS Thermal Protection System
10%
Name of crashed Israeli spacecraft in 2019 Beresheet
7%
Acronym: CCP Commerical Crew Program
7%
Acronym: CRS Crew Resupply Mission
7%
English Translation of Sputnik Fellow Traveller
7%
Acronym: MMH Monomethyl Hydrazine
7%
Acronym: OSIRIS-Rex Origins, Spectral Interpretation, Resource Identification, Security-Regolith Explorer
7%
Craft which attained the fastest speed Parker Solar Probe
7%
Formal designation of the Proton Rocket UR-500
7%
Engine of the X-15 XLR99
7%
Acronym: MER Mars Exploration Rover
3%
Acronym: MSL Mars Science Laboratory
3%
Material that comprised the Space Shuttle's Heat Shield Silica
3%
No matching quizzes found
Score Distribution
Percent of People with Each Score
Percentile by Number Answered
Your Score History
You have not taken this quiz